000 01382cam a22003737a 4500
003 CHAP
005 20220817043725.0
008 001024d1993 mx ado r 00110 spa d
010 _a82723
011 _a83695
035 _a94210
040 _cCHAP
090 _aFolleto 15687
100 0 0 _aChavarría Jiménez, Yolanda.
_922045
245 1 0 _aDiagnóstico de los centros de documentación:
_bCISE ; CEDAL
_c/por Chavarría Jiménez Yolanda y López Lira Juana Virginia
260 _aMéxico, D.F. :
_bEl autor,
_c1993
300 _a[71 p.] :
_bilus. ; cuadros ; diagrama ; fotos
590 _aBATCH-UPD
_b10
_c20130110
_lUCH01
_h0557
590 _aBATCH-UPD
_b10
_c20130110
_lUCH01
_h2240
590 _aBATCH-UPD
_b10
_c20130410
_lUCH01
_h0239
590 _aBATCH-UPD
_b10
_c20130410
_lUCH01
_h1632
590 _aBATCH-UPD
_b10
_c20130914
_lUCH01
_h0239
590 _aBATCH-UPD
_b10
_c20130914
_lUCH01
_h1937
590 _aCONVERSION
_b10
_c20130109
_lUCH01
_h1346
650 1 4 _aAlmacenamiento y recuperación de la información.
_94462
650 1 4 _aProcesamiento automático de datos en documentación.
650 1 4 _aServicios de información.
_9105330
650 1 4 _aSistemas de información.
_9106760
700 0 _aLópez Lira, Juana Virginia.
_968022
901 _aBK
905 _aMarco A. Mendoza T.
942 _cFOLL
949 _aFolleto 15687
_bBC
_cFOLL
_d942101
_eTS1
_i94210
_st
999 _c82723
_d82723